00602 2200169 4500245001700000020001800017250001100035100001400046650001600060005001900076260004200095041001400137084000800151300001500159500024900174336000900423 aSelenahText a9786020639512 aCet. 6 aTere Liye aNovel Fiksi a20231010102512 aJakartabGramedia Pustaka Utamac2020 aIndonesia a813 a365 hlm. : aSelena dan Nebula adalah buku kedelapan dan ke sembilan yang menceritakan siapa orang tua Raib dalam serial petualangan dunia pararel. kedua buku ini juga bercerita tentang Akademi Bayangan Tingkat Tinggi, sekolah terbaik di seluruh Klan Bulan. atext